5HLuxD.jpg

KING HENRY VIII SENIOR AND PRIMARY SCHOOL LIBRARY OPAC

The Garden of Evening Mists/ (Record no. 1523)

000 -LEADER
fixed length control field 00835nam a22002177a 4500
005 - DATE AND TIME OF LATEST TRANSACTION
control field 20230110154315.0
008 - FIXED-LENGTH DATA ELEMENTS--GENERAL INFORMATION
fixed length control field 230110b ||||| |||| 00| 0 eng d
020 ## - INTERNATIONAL STANDARD BOOK NUMBER
International Standard Book Number 9781786893895
040 ## - CATALOGING SOURCE
Transcribing agency KH8
082 ## - DEWEY DECIMAL CLASSIFICATION NUMBER
Classification number FIC TAN
100 ## - MAIN ENTRY--PERSONAL NAME
Personal name Tan, Twan Eng
Relator term author
245 ## - TITLE STATEMENT
Title The Garden of Evening Mists/
Statement of responsibility, etc. Tan Twan Eng
260 ## - PUBLICATION, DISTRIBUTION, ETC.
Place of publication, distribution, etc. [Place of publication not identified]:
Name of publisher, distributor, etc. CANONGATE CANONS,
Date of publication, distribution, etc. 2019
300 ## - PHYSICAL DESCRIPTION
Extent 351 p. ;
Dimensions 20 cm.
520 ## - SUMMARY, ETC.
Summary, etc. Malaya, 1949. After studying law at Cambrige and time spent helping to prosecute Japanese war criminals, Yun Ling Teoh seeks solace among the jungle fringed plantations of Northern Malaya where she grew up as a child.
586 ## - AWARDS NOTE
Awards note Man Booker-shortlisted
650 ## - SUBJECT ADDED ENTRY--TOPICAL TERM
Topical term or geographic name entry element Malaya
650 ## - SUBJECT ADDED ENTRY--TOPICAL TERM
Topical term or geographic name entry element Historical Fiction
650 ## - SUBJECT ADDED ENTRY--TOPICAL TERM
Topical term or geographic name entry element Malaya History Malayan Emergency, 1948-1960
942 ## - ADDED ENTRY ELEMENTS (KOHA)
Source of classification or shelving scheme
Koha item type Books - Fiction
Holdings
Withdrawn status Lost status Source of classification or shelving scheme Damaged status Not for loan Collection code Permanent Location Current Location Shelving location Date acquired Total Checkouts Full call number Barcode Date last seen Date last checked out Price effective from Koha item type
          Fiction KH8 Senior School Library KH8 Senior School Library Young Adult 2023-01-10 1 FIC TAN 3KHSL000101945 2025-05-08 2025-04-17 2023-01-10 Books - Fiction
          Fiction KH8 Senior School Library KH8 Senior School Library Young Adult 2023-05-12   FIC TAN 3KHSL000101992 2024-07-23   2023-05-12 Books - Fiction

Powered By KH8 IT Dept